Handbook for Brunner & Suddarth's Textbook of Medical-Surgical Nursing / (Record no. 13880)
[ view plain ]
| 000 -LEADER | |
|---|---|
| fixed length control field | 01534cam a2200325 a 4500 |
| 001 - CONTROL NUMBER | |
| control field | 14844286 |
| 005 - DATE AND TIME OF LATEST TRANSACTION | |
| control field | 20080305093831.0 |
| 008 - FIXED-LENGTH DATA ELEMENTS--GENERAL INFORMATION | |
| fixed length control field | 070509s2008 pau | f 001 0 eng |
| 010 ## - LIBRARY OF CONGRESS CONTROL NUMBER | |
| LC control number | 2007274255 |
| 020 ## - INTERNATIONAL STANDARD BOOK NUMBER | |
| International Standard Book Number | 9780781767491 |
| 020 ## - INTERNATIONAL STANDARD BOOK NUMBER | |
| International Standard Book Number | 0781767490 |
| 040 ## - CATALOGING SOURCE | |
| Original cataloging agency | DLC |
| Transcribing agency | DLC |
| Modifying agency | DLC |
| 050 00 - LIBRARY OF CONGRESS CALL NUMBER | |
| Classification number | RT41 |
| Item number | .J56 2008 |
| 082 00 - DEWEY DECIMAL CLASSIFICATION NUMBER | |
| Edition number | 22 |
| Classification number | 617.0231 |
| Item number | JOH |
| 100 1# - MAIN ENTRY--PERSONAL NAME | |
| Personal name | Johnson, Joyce Young. |
| 9 (RLIN) | 13480 |
| 245 10 - TITLE STATEMENT | |
| Title | Handbook for Brunner & Suddarth's Textbook of Medical-Surgical Nursing / |
| Statement of responsibility, etc | Joyce Young Johnson. |
| 246 30 - VARYING FORM OF TITLE | |
| Title proper/short title | Textbook of medical-surgical nursing |
| 246 3# - VARYING FORM OF TITLE | |
| Title proper/short title | Handbook for Brunner and Suddarth's textbook of medical-surgical nursing |
| 250 ## - EDITION STATEMENT | |
| Edition statement | 11th ed. |
| 260 ## - PUBLICATION, DISTRIBUTION, ETC. (IMPRINT) | |
| Place of publication, distribution, etc | Philadelphia : |
| Name of publisher, distributor, etc | Lippincott Williams & Wilkins, 2008 |
| Date of publication, distribution, etc | c2008. |
| 300 ## - PHYSICAL DESCRIPTION | |
| Extent | xv, 895 p. ; |
| Dimensions | 18 cm. |
| 504 ## - BIBLIOGRAPHY, ETC. NOTE | |
| Bibliography, etc | Includes bibliographical references and index. |
| 650 #0 - SUBJECT ADDED ENTRY--TOPICAL TERM | |
| Topical term or geographic name as entry element | Nursing |
| Form subdivision | Handbooks, manuals, etc. |
| 9 (RLIN) | 13481 |
| 650 #0 - SUBJECT ADDED ENTRY--TOPICAL TERM | |
| Topical term or geographic name as entry element | Surgical nursing |
| Form subdivision | Handbooks, manuals, etc. |
| 9 (RLIN) | 13482 |
| 856 42 - ELECTRONIC LOCATION AND ACCESS | |
| Materials specified | Publisher description |
| Uniform Resource Identifier | <a href="http://www.loc.gov/catdir/enhancements/fy0727/2007274255-d.html">http://www.loc.gov/catdir/enhancements/fy0727/2007274255-d.html</a> |
| 856 41 - ELECTRONIC LOCATION AND ACCESS | |
| Materials specified | Table of contents only |
| Uniform Resource Identifier | <a href="http://www.loc.gov/catdir/enhancements/fy0811/2007274255-t.html">http://www.loc.gov/catdir/enhancements/fy0811/2007274255-t.html</a> |
| 942 ## - ADDED ENTRY ELEMENTS (KOHA) | |
| Source of classification or shelving scheme | Dewey Decimal Classification |
| Item type | |
| Withdrawn status | Item status | Source of classification or shelving scheme | Damaged status | Not for loan | Vendor | Home library | Current library | Shelving location | Date acquired | Source of acquisition | Cost, normal purchase price | Serial Enumeration / chronology | Total Checkouts | Total Renewals | Full call number | Barcode | Date last seen | Date last borrowed | Koha item type |
|---|---|---|---|---|---|---|---|---|---|---|---|---|---|---|---|---|---|---|---|
| Dewey Decimal Classification | Alahram | Central Library | Central Library | First floor | 13/04/2010 | 172.50 | 572 | 28 | 95 | 617.0231 JOH | 000020614 | 15/07/2025 | 13/11/2023 | Book - Borrowing |